000 00393nam a2200133Ia 4500
008 151001s9999||||xx |||||||||||||| ||und||
100 _aभीमराव कुलकर्णी
245 _aहरी नारायण
250 _a1
260 _bविदर्भ -मराठवाडा बुक कंपनी पुणे
260 _c1964
300 _a204
365 _b7
999 _c953541
_d953538